1816 1188 1915 1114 1754 1899 1097 1978 1289 1183 1873 1808 1201 1100 1596 1813 1261 1107 1717 1315 1478 1590 1869 1456 1059 1975 1254 1556 1011 1120 1178 1019 1935 1615 1349 1122 1145 1403 1280 1171 1498 1271 1928 1207 1484 1547 1261 1102 1694 1848 1649 1871 1682 1807 1132 1301 1124 1382 1399 1991 1919 1546 1104 1376 1366 1842 1192 1809 1986 1836 1594 1747 1709 1769 1720 1992 1297 1818 1186 1200 1416 1567 1754 1483 1992 1856 1455 1303 1733 1271 1832 1089 1801 1532 1100 1540 1774 1126 1483 BCNSPRNW ULIB Ver.6.0+V

เปลี่ยนเป็นภาษาไทย

Change to English
 แสดงรายละเอียดบรรณานุกรม
  กลับหน้าหลัก

Brief Record : Get Marc (ISO 2709) : E-mail record : QR code < ปิดหน้าต่าง
LEADER : 00000nam 2200000uu 4500
001    13399112672
003     ULIB
008    110901s2551||||th 000 0 tha d
020    9789746254373
050  4 LB1027^bม246ค 2551
245 00 คู่มือการจัดการเรียนการสอนที่เน้นผู้เรียนเป็นสำคัญ /^cbฝ่ายพัฒนาวิชาการและส่งเสริมการศึกษา สำนักส่งเสริมวิชาการและงานทะเบียน มหาวิทยาลัยเทคโนโลยีราชมงคลอีสาน
250    พิมพ์ครั้งที่ 1
260    นครราชสีมา :^bมหาวิทยาลัย,^c2551
300    126 หน้า :^bภาพประกอบ ;^c26 ซม.
650  4 การสอนแบบผู้เรียนเป็นศูนย์กลาง^vคู่มือ
710 2  มหาวิทยาลัยเทคโนโลยีราชมงคลอีสาน.^bสำนักส่งเสริมวิชาการและงานทะเบียน. ^bฝ่ายพัฒนาวิชาการและส่งเสริมการศึกษา
945    ^p0^l0^i025190
995    ทศพร
999 ^a ทศพร
รายการนี้ยังไม่มีแท็ก
คุณยังไม่ได้ล็อกอิน คุณสามารถมีกิจกรรมร่วมกับเว็บไซต์ได้ แต่ต้องล็อกอินก่อน ::
  ล็อกอิน

รายการสื่อสารสนเทศ

ลำดับที่ ประเภท เลขเรียก/บาร์โค้ด สถานที่ สถานะ
- ไม่พบข้อมูล -

BibComment


ยังไม่เคยถูกคอมเมนท์

คอมเมนท์ทรัพยากรรายการนี้
  คอมเมนท์: คู่มือการจัดการเร..


 Copyright 2026. Bcnsprnw @Library